Les meilleurs buteurs de Division 1 ou Ligue 1 depuis 1994-1995 - Statistiques

Statistiques générales
  • Ce quiz a été pris 204 fois
  • Le résultat moyen est 18 sur 22
Statistiques - réponses
Année Joueur % Correct
2014 / Paris Saint-Germain Zlatan Ibrahimovic (26)
98%
2013 / Paris Saint-Germain Zlatan Ibrahimovic (30)
98%
2016 / Paris Saint-Germain Zlatan Ibrahimovic (38)
98%
2015 / Olympique Lyonnais Alexandre Lacazette (27)
95%
2012 / Montpellier HSC Olivier Giroud (21)
95%
2007 / Paris Saint-Germain Pedro Miguel Pauleta (15)
93%
2006 / Paris Saint-Germain Pedro Miguel Pauleta (21)
93%
2002 / AJ Auxerre Djibril Cissé (22)
88%
2004 / AJ Auxerre Djibril Cissé (26)
88%
2009 / Toulouse FC André-Pierre Gignac (24)
82%
2008 / Olympique Lyonnais Karim Benzema (20)
82%
1996 / AS Monaco Sonny Anderson (21)
81%
2001 / Olympique Lyonnais Sonny Anderson (22)
81%
2000 / Olympique Lyonnais Sonny Anderson (23)
81%
2010 / Olympique de Marseille Mamadou Niang (18)
71%
2011 / Lille OSC Moussa Sow (25)
69%
2005 / Stade Rennais Alexander Frei (20)
64%
1998 / AJ Auxerre Stéphane Guivarc'h (21)
64%
1997 / Stade Rennais Stéphane Guivarc'h (22)
64%
2003 / AS Monaco Shabani Nonda (26)
63%
1995 / FC Nantes Patrice Loko (22)
58%
1999 / Girondins de Bordeaux Sylvain Wiltord (22)
54%
Aucun quiz correspondant
Distribution des résultats
% des personnes avec chaque résultat
Percentile par nombre de réponses
Votre historique - résultats
Vous n’avez pas pris ce quiz